00867nam a2200229 a 4500001001000000003000900010005001700019008004100036040003000077082002700107100002900134245005800163250001300221260008200234300003100316650003900347651004800386651003700434651005800471651003500529651007300564000012307DO-SdBNP20241202111428.0091111s1991 dr a 001 0 spa d aDO-SdBNPbspacBNPHUerda 4a974.71bE74n, 19912221 aEscoto Gómez, César.10aNueva York jungla de acero /cCésar Escoto Gómez. a[2a ed.] aSanto Domingo :bTalleres Gráficos del Instituto Agrario Dominicano,c1991. a190 p. :bretrs. ;c22 cm. 4aCiudades y puebloszEstados Unidos 4aNueva York (Estados Unidos)xHistoria local 4aNueva York (N.Y.)xDescripciones 4aNueva York (Estados Unidos)xVida social y costumbres 4aInmigranteszNueva York (N.Y.) 4aRepública DominicanaxEmigración e inmigraciónzEstados Unidos